| 000 | 00916cam a2200313 a 4500 | ||
|---|---|---|---|
| 001 | 4516111 | ||
| 003 | ARRUPE | ||
| 005 | 20141003132959.0 | ||
| 008 | 970212s1997 nyua 000 0 eng | ||
| 010 | _a96045059 | ||
| 020 | _a157075103X | ||
| 020 | _a1570751021 | ||
| 020 | _a1570751048 (set : pbk.) | ||
| 035 | _a(OCoLC)35701198 | ||
| 035 | _a(OCoLC)ocm35701198 | ||
| 035 | _a(NNC)4516111 | ||
| 040 |
_aDLC _cDLC _dDLC |
||
| 090 |
_aBV4277 _b.M34 1997 |
||
| 100 | 1 |
_aMcKenna, Megan. _911889 |
|
| 245 | 1 | 0 |
_aLent : _bthe Sunday readings : reflections and stories / _cMegan McKenna |
| 260 |
_aMaryknoll, N.Y. : _bOrbis Books, _cc1997 |
||
| 300 |
_aviii, 216 p. : _bill. ; _c21 cm |
||
| 610 | 2 | 0 |
_aCatholic Church _vSermons. _912048 |
| 650 | 0 |
_aLenten sermons. _911676 |
|
| 650 | 0 |
_aSermons, American. _912049 |
|
| 650 | 0 |
_aHomiletical illustrations. _912050 |
|
| 942 |
_2lcc _cMONOGRAPH |
||
| 999 |
_c121077 _d121077 |
||